[Event "Regionalliga NO 1617"]
[Site "Bayern"]
[Date "2016.11.20"]
[Round "2.5"]
[White "Diehl, Achim"]
[Black "Kappl, Peter"]
[Result "0-1"]
[WhiteElo "1981"]
[BlackElo "1931"]
[PlyCount "108"]
[EventDate "2016.10.16"]
[EventType "team-tourn"]
[EventRounds "9"]
[EventCountry "GER"]
[SourceTitle "EXT 2019"]
[Source "ChessBase"]
[SourceDate "2018.10.10"]
[SourceVersion "1"]
[SourceVersionDate "2018.10.10"]
[SourceQuality "1"]
[WhiteTeam "Nuernberg Sued SW II"]
[BlackTeam "Kareth Lappersdorf II"]
[WhiteTeamCountry "GER"]
[BlackTeamCountry "GER"]

1. e4 d6 2. c4 Nf6 3. Nc3 g6 4. d4 Bg7 5. Nf3 0-0 6. Be2 Nc6 7. 0-0 e5 8. dxe5 dxe5 9. Be3 Bg4 10. g3 Bxf3 11. Bxf3 Nd4 12. Bg2 c5 13. Nd5 Nxd5 14. cxd5 f5 15. f4 exf4 16. Bxf4 fxe4 17. Bxe4 Qd7 18. Qd3 Nf5 19. Rab1 Rac8 20. b3 b6 21. Kh1 Nd6 22. Bg2 Rce8 23. Rbe1 Bd4 24. Re2 Rxe2 25. Qxe2 Re8 26. Qd3 Nf7 27. a4 Ne5 28. Qd2 a5 29. h3 Nf7 30. Re1 Rxe1+ 31. Qxe1 Qf5 32. Kh2 Be5 33. Be4 Qf6 34. Bd2 Nd6 35. Bg2 Kg7 36. Qe2 Nf7 37. Be3 Bd6 38. Qb5 h5 39. Qc4 h4 40. Bf4 Bxf4 41. Qxf4 Qxf4 42. gxf4 Kf6 43. Be4 Nd6 44. Bd3 g5 45. fxg5+ Kxg5 46. Kg2 Kf4 47. Kf2 Nf7 48. Ke2 Nd6 49. Kd2 Kf3 50. Bf1 Ke4 51. Bg2+ Kd4 52. Ke2 c4 53. bxc4 Kxc4 54. Bf3 Kb4 0-1

[Event "Regionalliga NO 0708"]
[Site "Bayern"]
[Date "2008.04.06"]
[Round "8.6"]
[White "Hanisch, Friedrich"]
[Black "Kappl, Peter"]
[Result "1-0"]
[WhiteElo "2075"]
[BlackElo "1932"]
[PlyCount "83"]
[EventDate "2007.10.21"]
[EventType "team-tourn"]
[EventRounds "9"]
[EventCountry "GER"]
[SourceTitle "EXT 2009"]
[Source "ChessBase"]
[SourceDate "2008.11.26"]
[SourceVersion "1"]
[SourceVersionDate "2008.11.26"]
[SourceQuality "1"]
[WhiteTeam "Altensittenbach"]
[BlackTeam "Kareth Lappersdorf"]
[WhiteTeamCountry "GER"]
[BlackTeamCountry "GER"]

1. d4 Nf6 2. Bf4 d5 3. e3 e6 4. Nd2 Bd6 5. Bg3 0-0 6. Bd3 c5 7. c3 Nc6 8. Ngf3 Re8 9. Ne5 Qc7 10. f4 Nd7 11. Bxh7+ Kf8 12. Bd3 g6 13. Bh4 Be7 14. Qg4 Bxh4+ 15. Qxh4 Kg7 16. Nxf7 Kxf7 17. Qh7+ Kf6 18. g4 e5 19. fxe5+ Ncxe5 20. 0-0+ Ke6 21. dxe5 Qxe5 22. Qxg6+ Ke7 23. Nf3 Qe6 24. Qxe6+ Kxe6 25. h3 Ne5 26. Nxe5 Kxe5 27. Kg2 Be6 28. Kg3 Re7 29. g5 b5 30. a3 c4 31. Bc2 a5 32. Rf4 Rb8 33. Rd1 b4 34. axb4 axb4 35. e4 Rd7 36. exd5 Rxd5 37. Rxd5+ Kxd5 38. h4 bxc3 39. bxc3 Ke5 40. Rf2 Rh8 41. Re2+ Kd5 42. g6 1-0

[Event "Regionalliga NO 0708"]
[Site "Bayern"]
[Date "2007.11.25"]
[Round "3.6"]
[White "Fischer, Erich"]
[Black "Kappl, Peter"]
[Result "1-0"]
[WhiteElo "1970"]
[BlackElo "1932"]
[PlyCount "74"]
[EventDate "2007.10.21"]
[EventType "team-tourn"]
[EventRounds "9"]
[EventCountry "GER"]
[SourceTitle "EXT 2009"]
[Source "ChessBase"]
[SourceDate "2008.11.26"]
[SourceVersion "1"]
[SourceVersionDate "2008.11.26"]
[SourceQuality "1"]
[WhiteTeam "Postbauer"]
[BlackTeam "Kareth Lappersdorf"]
[WhiteTeamCountry "GER"]
[BlackTeamCountry "GER"]

1. c4 c5 2. g3 Nf6 3. Bg2 d6 4. Nc3 e6 5. e3 Be7 6. Nge2 a6 7. 0-0 0-0 8. b3 Nbd7 9. Bb2 Rb8 10. Qc2 Qc7 11. Rac1 b6 12. d4 Bb7 13. f3 Rbc8 14. Kh1 Rfd8 15. e4 Bf8 16. d5 e5 17. Qd3 Rb8 18. f4 g6 19. Rc2 Bg7 20. Bc1 Rf8 21. f5 Kh8 22. h3 Ng8 23. g4 Qd8 24. g5 f6 25. h4 gxf5 26. exf5 Ne7 27. Be4 Ng8 28. Qh3 Qe7 29. Ng3 Rfe8 30. Rg2 Ba8 31. a4 Rec8 32. Rfg1 Re8 33. Qg4 Rf8 34. Nh5 Rfc8 35. Qf3 Re8 36. Bd3 Rec8 37. Ne4 fxg5 1-0

[Event "Regionalliga NO 0607"]
[Site "Bayern"]
[Date "2006.10.29"]
[Round "2.6"]
[White "Linsenmeyer, Mario"]
[Black "Kappl, Peter"]
[Result "1-0"]
[WhiteElo "2012"]
[BlackElo "1955"]
[PlyCount "61"]
[EventDate "2006.10.15"]
[EventType "team-tourn"]
[EventRounds "9"]
[EventCountry "GER"]
[SourceTitle "EXT 2008"]
[Source "ChessBase"]
[SourceDate "2007.11.25"]
[SourceVersion "1"]
[SourceVersionDate "2007.11.25"]
[SourceQuality "1"]
[WhiteTeam "Grieseebach"]
[BlackTeam "Kareth Lappersdorf"]
[WhiteTeamCountry "GER"]
[BlackTeamCountry "GER"]

1. e4 Nf6 2. e5 Nd5 3. d4 d6 4. c4 Nb6 5. exd6 cxd6 6. Nc3 g6 7. Be3 Bg7 8. Rc1 Nc6 9. b3 0-0 10. Nf3 Bf5 11. Be2 Nd7 12. 0-0 Nf6 13. Qd2 Qa5 14. h3 Rfd8 15. d5 Nb8 16. Nd4 Bd7 17. b4 Qc7 18. Ndb5 Qc8 19. Nxa7 Rxa7 20. Bxa7 Na6 21. a3 h5 22. Qe3 Re8 23. Bd4 Bf5 24. c5 dxc5 25. bxc5 Nc7 26. Bc4 e5 27. dxe6 Nxe6 28. Bxf6 Bxf6 29. Ne4 Bxe4 30. Qxe4 Qxc5 31. Bxe6 1-0

[Event "Regionalliga NO 0607"]
[Site "Bayern"]
[Date "2006.10.15"]
[Round "1.7"]
[White "Ertl, Daniel"]
[Black "Kappl, Peter"]
[Result "0-1"]
[WhiteElo "1774"]
[BlackElo "1955"]
[PlyCount "110"]
[EventDate "2006.10.15"]
[EventType "team-tourn"]
[EventRounds "9"]
[EventCountry "GER"]
[SourceTitle "EXT 2008"]
[Source "ChessBase"]
[SourceDate "2007.11.25"]
[SourceVersion "1"]
[SourceVersionDate "2007.11.25"]
[SourceQuality "1"]
[WhiteTeam "Amberg Siemens"]
[BlackTeam "Kareth Lappersdorf"]
[WhiteTeamCountry "GER"]
[BlackTeamCountry "GER"]

1. e4 Nf6 2. e5 Nd5 3. d4 d6 4. Nf3 g6 5. Bc4 c6 6. 0-0 Bg7 7. Re1 0-0 8. Nbd2 Nc7 9. Nf1 Bg4 10. h3 Bxf3 11. Qxf3 dxe5 12. dxe5 e6 13. Qe4 Nd7 14. Bf4 Qh4 15. Nh2 Nd5 16. Bg3 Qxe4 17. Rxe4 N7b6 18. Bf1 Ne7 19. Nf3 Nf5 20. Bh2 Rfd8 21. Ree1 Rd5 22. Rad1 Rad8 23. Be2 Rxd1 24. Rxd1 Rxd1+ 25. Bxd1 Na4 26. c3 Nxb2 27. Bc2 Ne7 28. Bb3 Nd5 29. c4 Nb6 30. Nd2 Bf8 31. Kf1 Bb4 32. Ke2 a5 33. f4 a4 34. Bc2 Bxd2 35. Kxd2 N2xc4+ 36. Kd3 Na5 37. Bg1 Nd5 38. Bxa4 b5 39. Bd1 Nxf4+ 40. Kc3 Kf8 41. Bf3 Nd5+ 42. Bxd5 exd5 43. Kb4 Nb7 44. g4 Ke7 45. Bf2 Kd7 46. a4 bxa4 47. Kxa4 Ke6 48. Bg3 d4 49. Kb3 Kd5 50. Kc2 c5 51. h4 c4 52. h5 Nc5 53. hxg6 hxg6 54. Bh2 Nd3 55. Bg3 Nxe5 0-1

[Event "Regionalliga NO 0506"]
[Site "Bayern"]
[Date "2006.01.29"]
[Round "6.7"]
[White "Kappl, Peter"]
[Black "Redzepovic, Irfan"]
[Result "1-0"]
[WhiteElo "1938"]
[BlackElo "2078"]
[PlyCount "91"]
[EventDate "2005.10.23"]
[EventType "team-tourn"]
[EventRounds "9"]
[EventCountry "GER"]
[SourceTitle "EXT 2007"]
[Source "ChessBase"]
[SourceDate "2006.11.23"]
[SourceVersion "1"]
[SourceVersionDate "2006.11.23"]
[SourceQuality "1"]

1. c4 g6 2. Nc3 Bg7 3. g3 e5 4. Bg2 Ne7 5. Nf3 f5 6. d4 e4 7. Ng5 Nbc6 8. d5 Ne5 9. Qb3 h6 10. Nh3 0-0 11. 0-0 Kh7 12. Be3 b6 13. Rad1 d6 14. Rd2 a6 15. f3 exf3 16. exf3 Ng8 17. Ne2 Qe8 18. Bd4 Nf6 19. Nef4 c5 20. Bf2 b5 21. cxb5 axb5 22. a3 Rf7 23. Ne6 Re7 24. Nxg7 Kxg7 25. Qc3 Nc4 26. Rdd1 Qf7 27. Rfe1 Rxe1+ 28. Bxe1 Bb7 29. Nf4 Re8 30. Bf2 Kh7 31. a4 Nxd5 32. Nxd5 Bxd5 33. axb5 Nb6 34. Re1 Rxe1+ 35. Qxe1 Qe6 36. Qxe6 Bxe6 37. b4 Nd7 38. bxc5 dxc5 39. f4 c4 40. b6 c3 41. b7 c2 42. Be3 Bc4 43. Kf2 Ba6 44. Ke1 Nc5 45. b8Q Nd3+ 46. Kf1 1-0

[Event "Regionalliga NO 0304"]
[Site "Bayern"]
[Date "2004.02.15"]
[Round "6.8"]
[White "Albrecht, Stephan"]
[Black "Kappl, Peter"]
[Result "1/2-1/2"]
[WhiteElo "1777"]
[BlackElo "1917"]
[PlyCount "81"]
[EventDate "2003.10.??"]
[EventType "team-tourn"]
[EventRounds "9"]
[EventCountry "GER"]
[SourceTitle "EXT 2006"]
[Source "ChessBase"]
[SourceDate "2005.11.24"]
[SourceVersion "1"]
[SourceVersionDate "2005.11.24"]
[SourceQuality "1"]
[WhiteTeam "Regensburg Fortuna III"]
[BlackTeam "Kareth Lappersdorf"]
[WhiteTeamCountry "GER"]
[BlackTeamCountry "GER"]

1. d4 f5 2. c4 Nf6 3. Nc3 e6 4. Nf3 Be7 5. Bg5 0-0 6. e3 d5 7. Bd3 c6 8. 0-0 Ne4 9. Bxe7 Qxe7 10. a3 Nd7 11. Qc2 Ndf6 12. Ne5 Bd7 13. b4 Rfc8 14. c5 Nxc3 15. Qxc3 Be8 16. a4 a6 17. Rab1 Qc7 18. Rb2 Ra7 19. Rfb1 b5 20. cxb6 Qxb6 21. a5 Qc7 22. Be2 Ne4 23. Qc2 Nd6 24. Qc5 Nb5 25. Rc1 Qe7 26. Qxe7 Rxe7 27. Rbc2 Rec7 28. Nd3 Kf7 29. Nc5 Ra8 30. Na4 Ke7 31. Bxb5 axb5 32. Nc5 Raa7 33. Nd3 Kd6 34. Ra2 Ra6 35. Nc5 Raa7 36. f3 Bg6 37. Kf2 Rf7 38. f4 Rfc7 39. Nd3 Be8 40. Ne5 Ra6 41. Rac2 1/2-1/2

[Event "Regionalliga NO 0304"]
[Site "Bayern"]
[Date "2004.01.18"]
[Round "5.7"]
[White "Hoffmann, Ayar"]
[Black "Kappl, Peter"]
[Result "1/2-1/2"]
[WhiteElo "1837"]
[BlackElo "1917"]
[PlyCount "55"]
[EventDate "2003.10.??"]
[EventType "team-tourn"]
[EventRounds "9"]
[EventCountry "GER"]
[SourceTitle "EXT 2006"]
[Source "ChessBase"]
[SourceDate "2005.11.24"]
[SourceVersion "1"]
[SourceVersionDate "2005.11.24"]
[SourceQuality "1"]
[WhiteTeam "Postbauer Heng"]
[BlackTeam "Kareth Lappersdorf"]
[WhiteTeamCountry "GER"]
[BlackTeamCountry "GER"]

1. Nf3 Nf6 2. g3 e6 3. d4 d5 4. Bg2 Be7 5. c3 0-0 6. 0-0 Nbd7 7. Nbd2 c5 8. e3 b5 9. a3 Qb6 10. b4 cxb4 11. axb4 Bb7 12. Nb3 Ne4 13. Bd2 a6 14. Qe2 Qc7 15. Nc5 Nb6 16. Rfc1 Nc4 17. Be1 Ra7 18. Nd2 Nexd2 19. Bxd2 Rfa8 20. Rc2 a5 21. Rca2 Bc6 22. Bc1 a4 23. f4 Re8 24. Bf1 Bd6 25. Qh5 f6 26. Bd3 g6 27. Qh4 Qg7 28. Rf2 1/2-1/2

[Event "Regionalliga NO 0304"]
[Site "Bayern"]
[Date "2003.12.14"]
[Round "4.8"]
[White "Angerer, Martin"]
[Black "Kappl, Peter"]
[Result "1/2-1/2"]
[WhiteElo "1947"]
[BlackElo "1917"]
[PlyCount "51"]
[EventDate "2003.10.??"]
[EventType "team-tourn"]
[EventRounds "9"]
[EventCountry "GER"]
[SourceTitle "EXT 2006"]
[Source "ChessBase"]
[SourceDate "2005.11.24"]
[SourceVersion "1"]
[SourceVersionDate "2005.11.24"]
[SourceQuality "1"]
[WhiteTeam "Weiden"]
[BlackTeam "Kareth Lappersdorf"]
[WhiteTeamCountry "GER"]
[BlackTeamCountry "GER"]

1. e4 c6 2. d4 d5 3. Nc3 dxe4 4. Nxe4 Bf5 5. Ng3 Bg6 6. Bc4 e6 7. N1e2 Bd6 8. Bf4 Nf6 9. Qd2 Qc7 10. h4 h6 11. Bxd6 Qxd6 12. Nf4 Bh7 13. Nfh5 Nxh5 14. Nxh5 Rg8 15. Rh3 Nd7 16. 0-0-0 Nb6 17. Bf1 Nd5 18. Rb3 Qc7 19. Rg3 Bg6 20. Be2 0-0-0 21. Ra3 Kb8 22. Ng3 Rd7 23. Bf3 Rc8 24. Ne4 Bxe4 25. Bxe4 Qf4 26. Bxd5 1/2-1/2